000 00311nam a22001337a 4500
008 181106b xxu||||| |||| 00| 0 eng d
020 _a9780763816544
041 _aeng
080 _a004
100 _a35
101 _aSHK
245 _aWeb Design Conceps And Best Practices
_cCameron.C
942 _2udc
_cBK
999 _c51943
_d51943